Faktory úrovne procesov a procesná optimalizácia

Procesná analýza predstavuje v súčasnej dobe jeden z významných zdrojov identifikácie úspor zdrojov rôzneho druhu. Modelovanie prináša abstraktný pohľad na firemné procesy a zachytáva komplexicitu vzťahov so vzájomnými súvislosťami a identifikáciou kľúčových premenných, ktoré ovplyvňujú finálny výsl...

Ausführliche Beschreibung

Gespeichert in:
Bibliographische Detailangaben
1. Verfasser: Miklošík, Andrej
Format: Buchkapitel
Sprache:Slowakisch
Schlagworte:
Tags: Tag hinzufügen
Keine Tags, Fügen Sie das erste Tag hinzu!

MARC

LEADER 00000nla$a2200000$$$4500
001 0120644
005 20240502072348.6
041 0 |a slo 
044 |a SK 
245 1 0 |a Faktory úrovne procesov a procesná optimalizácia  |c Andrej Miklošík 
520 |a Procesná analýza predstavuje v súčasnej dobe jeden z významných zdrojov identifikácie úspor zdrojov rôzneho druhu. Modelovanie prináša abstraktný pohľad na firemné procesy a zachytáva komplexicitu vzťahov so vzájomnými súvislosťami a identifikáciou kľúčových premenných, ktoré ovplyvňujú finálny výsledok – konkurencieschopnosť, pridanú hodnotu a hospodársky výsledok analyzovaného subjektu. 
610 2 0 |a procesy podnikové 
610 2 0 |a riadenie podnikové 
610 2 0 |a konkurencieschopnosť 
610 2 0 |a optimalizácia 
610 2 0 |a modelovanie 
610 2 0 |a analýzy 
100 1 |a Miklošík, Andrej